| 000 | 01001cam a22001934a 4500 | ||
|---|---|---|---|
| 005 | 20250605164018.0 | ||
| 008 | 250528s ||||||||||||||||||||||||d | ||
| 035 | _a16240 | ||
| 020 | _a60107928 | ||
| 040 |
_aGR-AtMCL _bgre _dGR-AtMCL _eAACR2 |
||
| 245 | 1 | _aProfiles of the Future / An Inquiry into the Limits of the Possible | |
| 260 |
_bHarper & Row Publishers, _c1973 |
||
| 300 | _a248 | ||
| 520 | _aPreface, Introduction, Hazards of Prophecy: The Failure of Nerve, Hazards of Prophecy: The Failure of Imagination, The Future of Transport, Riding on Air, Beyond Gravity, The Quest for Speed, World Without Distance, Rocket to the Renaissance, You Can't Get There from Here, Space 0 The Unconquerable, About Time, Ages of Plenty, Aladdin's Lamp, Invisible Men and Other Prodigies, The Road to Lilliput, Voices from the Sky, Brain and Body, The Obsolescence of Man, The Long Twilight, Chart of the Future. | ||
| 700 | 1 |
_aClarke Arthur C _92321 |
|
| 942 | _cBK | ||
| 999 |
_c1762 _d1762 |
||